000
00268nam a22001217a 4500
020
_a
81-7797-023-2
082
_a
425
_b
SIS/S
245
_a
SYNONYMS & ANTONYMS
260
_a
TRIVANDRUM
_b
SISO BOOKS
300
_a
429
650
_a
SYNONYMS & ANTONYMS
_z
KERALA
942
_c
BK
999
_c
3789
_d
3789